| 000 | 01271nam a2200373 a 4500 | ||
|---|---|---|---|
| 008 | |||
| 020 | _a9780702068652 (hardback) | ||
| 040 |
_aNUST _cNUST |
||
| 049 | _aMAIN | ||
| 090 |
_aRC927 _bRHE |
||
| 245 | 1 | 0 |
_aRheumatology/ _c Marc C Hochberg ; Ellen M Gravallese ; Alan J Silman ; Josef S Smolen ; Michael E Weinblatt & Michael H Weisman. |
| 250 | _aSeventh edition. | ||
| 260 |
_aPhiladelphia, PA : _bElsevier, _c2019. |
||
| 300 |
_axxxi, 1044 pages : _billustrations (chiefly colour) ; _c31 cm. |
||
| 336 |
_atext _btxt _2rdacontent |
||
| 337 |
_aunmediated _bn _2rdamedia |
||
| 338 |
_avolume _bnc _2rdacarrier |
||
| 500 | _aIncludes index. | ||
| 504 | _aIncludes bibliographical references. | ||
| 650 | 1 | _aRheumatology. | |
| 650 | _aRheumatism. | ||
| 650 | _aAntirheumatic agents. | ||
| 650 |
_aRheumatism _xChemotherapy. |
||
| 700 |
_aHochberg, Marc C., _aauthor. |
||
| 700 |
_aGravallese, Ellen M., _aauthor. |
||
| 700 |
_aSilman, Alan J., _aauthor. |
||
| 700 |
_aSmolen, Josef S., _aauthor. |
||
| 700 |
_aWeinblatt, Michael E., _aauthor. |
||
| 700 |
_aWeisman, Michael H., _aauthor. |
||
| 907 |
_a.b10403231 _b02-06-21 _c01-06-21 |
||
| 003 | |||
| 005 | 20230120204303.0 | ||
| 942 |
_cBOOKS _kRC927 _mRHE |
||
| 999 |
_c120494 _d120494 |
||